Los Estados Unidos, el mundo latino y los procesos identitarios en El Salvador /

Este artículo intenta llamar la atención sobre las transformaciones que están protagonizando los latinos en Estados Unidos. Ese "mundo latino" es el espacio donde transcurre principalmente la vida de los emigrantes salvadoreña

Bewaard in:
Bibliografische gegevens
Hoofdauteur: Huezo Mixco, Miguel
Formaat: Texto
Onderwerpen:
Tags: Voeg label toe
Geen labels, Wees de eerste die dit record labelt!

MARC

LEADER 00000 a a2200000 04500
001 5268
003
040
100 |a Huezo Mixco, Miguel  
245 |a Los Estados Unidos, el mundo latino y los procesos identitarios en El Salvador /  |c Miguel Huezo Mixco 
520 |a Este artículo intenta llamar la atención sobre las transformaciones que están protagonizando los latinos en Estados Unidos. Ese "mundo latino" es el espacio donde transcurre principalmente la vida de los emigrantes salvadoreña  
650 |a CULTURA  
650 |a IDENTIDAD NACIONAL  
650 |a MIGRANTES  
650 |a MIGRACION INTERNA  
650 |a TRANSNACIONALISMO  
650 |a AMERICA LATINA  
773 |g volumen 63, número 713 -714; páginas 209-225  
999 |c 34120  |d 34120